झोन थेरपी अर्थात अॅक्युप्रेशर (Record no. 174837)

MARC details
000 -LEADER
fixed length control field 00707nam a2200181Ia 4500
008 - FIXED-LENGTH DATA ELEMENTS--GENERAL INFORMATION
fixed length control field 090124s9999 xx 000 0 und d
082 ## - DEWEY DECIMAL CLASSIFICATION NUMBER
Item number 128748
100 ## - MAIN ENTRY--PERSONAL NAME
Personal name जायस्वाल जयनारायण
245 ## - TITLE STATEMENT
Title झोन थेरपी अर्थात अॅक्युप्रेशर
250 ## - EDITION STATEMENT
Edition statement 1
260 ## - PUBLICATION, DISTRIBUTION, ETC. (IMPRINT)
Date of publication, distribution, etc 1992
300 ## - PHYSICAL DESCRIPTION
Extent 30
600 ## - SUBJECT ADDED ENTRY--PERSONAL NAME
Personal name जायस्वाल जयनारायण
630 ## - SUBJECT ADDED ENTRY--UNIFORM TITLE
Uniform title झोन थेरपी अर्थात अॅक्युप्रेशर
700 ## - ADDED ENTRY--PERSONAL NAME
Personal name जायस्वाल जयनारायण
730 ## - ADDED ENTRY--UNIFORM TITLE
Uniform title झोन थेरपी अर्थात अॅक्युप्रेशर
942 ## - ADDED ENTRY ELEMENTS (KOHA)
Koha item type Book
Holdings
Withdrawn status Lost status Damaged status Not for loan Home library Current library Date acquired Cost, normal purchase price Total Checkouts Full call number Barcode Date last seen Cost, replacement price Price effective from Koha item type
        Marathi Granth Sangrahalaya,Thane Marathi Granth Sangrahalaya,Thane   8.00   128748 THNMGS-128748 01/24/2009 8.00 01/24/2009 Book